00702cam a22002417a 4500003000500000005001700005008004100022010001000063011001000073035001000083040000900093082001500102100002400117245004800141260003600189300000900225650001500234650004100249700002900290700003100319700001800350710009200368CHAP20220329134108.0971013s1977 enk r 00010 eng d a15285 a16257 a20336 cCHAP04a583.55bH400aHeywood, V. H.eed.14aThe biology and chemistry of the Compositae aLondon :bAcademic Press,c1977 a2 v.14aCompuestas14aFloresxFisiología y morfología.0 aHarborne, Jeffrey Barry.0 aLinnean Society of London.0 aTurner, B. L.0 aInternational Symposium on the Biology and Chemistry of the Compositae (1975 : Reading)